01758cam a2200277 i 450000100190000000500170001900800410003602000290007703500220010603500240012804000470015205000240019910000380022324501080026126400580036930000540042750400410048152007200052265000310124265000260127365000250129970000360132494200080136095200970136899900150146599110745683030619620250311145329.0240112s2024 ne a e b 000 0 eng d a9789063697020qpaperback a(OCoLC)1465007956 a(OCoLC)on1465007956 aTOHbengerdacTOHdOCLCOdOQXdAKECLdYDX 4aHD6072.5b.B35 2024 aBaldwin, Abigail,eauthor.92486714aThe brand power manifesto b: branding brilliance for female entrepreneurs c/ Abigail & Chloe Baldwin. 1aAmsterdam, The Netherlands :bBIS Publishers,c[2024] a180 pages :billustrations (some colour) ;c24 cm aIncludes bibliographical references. a"Are you a female entrepreneur aiming to reach your highest potential? Then this is the book you need! Authored and designed by Abigail and Chloe Baldwin--dynamic twin sisters and successful business owners--this book unveils a unique roadmap to building confidence and a strong personal brand. Drawing from their own entrepreneurial journey, the Baldwins intertwine personal anecdotes with a practical branding framework. Emphasizing teamwork, personal growth, and strategic business development, it offers ten actionable strategies for women to enhance their brand and elevate their business. Follow their framework, and you're not just boosting your profile--you're transforming your revenue"--Publisher website. 0aBranding (Marketing)96284 0aEntrepreneurship9570 0aBusinesswomen911054 aBaldwin, Chloe,eauthor.924868 2lcc 00102lcc4070aTBSbTBSd2025-03-11l0oHD6072.5 BALpB07511r2025-03-11t1w2025-03-11y1 c4522d4522